[Event "Fuerstenfeld U18 op 5th"]
[Site "Fuerstenfeld"]
[Date "2022.07.24"]
[Round "7"]
[White "Maier, Tobias"]
[Black "Pergel, Bence"]
[Result "1/2-1/2"]
[WhiteElo "1419"]
[BlackElo "1200"]
[PlyCount "65"]
[EventDate "2022.07.21"]
[EventType "swiss"]
[EventRounds "7"]
[EventCountry "AUT"]
[SourceTitle "CBM 209 Extra"]
[Source "ChessBase"]
[SourceDate "2022.09.30"]
[SourceVersion "1"]
[SourceVersionDate "2022.09.30"]
[SourceQuality "1"]

1. e4 e5 2. Nf3 Nc6 3. Bc4 Nf6 4. d3 Bc5 5. c3 0-0 6. h3 h6 7. 0-0 d5 8. exd5 Nxd5 9. Re1 Re8 10. a4 a5 11. Nbd2 Bf5 12. Nf1 Qd6 13. Ng3 Bg6 14. Ne4 Bxe4 15. dxe4 Nf6 16. Qb3 Rf8 17. Rd1 Qe7 18. Bd5 Rab8 19. Qc4 Rfd8 20. Be3 Bxe3 21. fxe3 Na7 22. Qe2 c6 23. Bb3 Nxe4 24. Bc2 Nf6 25. Nh4 Nd5 26. Nf5 Qg5 27. h4 Qf6 28. Rf1 Kh8 29. g4 Ne7 30. g5 Qe6 31. Nxh6 gxh6 32. Rf6 Qh3 33. Qh5 1/2-1/2

[Event "Fuerstenfeld U18 op 5th"]
[Site "Fuerstenfeld"]
[Date "2022.07.22"]
[Round "3"]
[White "Maier, Tobias"]
[Black "Chen, Chicheng Leon"]
[Result "1/2-1/2"]
[WhiteElo "1419"]
[BlackElo "1313"]
[PlyCount "40"]
[EventDate "2022.07.21"]
[EventType "swiss"]
[EventRounds "7"]
[EventCountry "AUT"]
[SourceTitle "CBM 209 Extra"]
[Source "ChessBase"]
[SourceDate "2022.09.30"]
[SourceVersion "1"]
[SourceVersionDate "2022.09.30"]
[SourceQuality "1"]

1. e4 c5 2. Nf3 e6 3. d4 cxd4 4. Nxd4 Nf6 5. Nc3 Bb4 6. Qd3 Nc6 7. Nxc6 bxc6 8. e5 Nd5 9. Bd2 Qc7 10. Nxd5 Bxd2+ 11. Qxd2 cxd5 12. f4 d6 13. Bb5+ Bd7 14. exd6 Qxd6 15. Bxd7+ Qxd7 16. a4 0-0 17. 0-0 Rab8 18. b4 Qc7 19. b5 Qc5+ 20. Kh1 Rfc8 1/2-1/2

[Event "AUT-ch U14"]
[Site "St Veit"]
[Date "2022.04.14"]
[Round "7"]
[White "Maier, Tobias"]
[Black "Schwarz, Felix1111"]
[Result "1-0"]
[WhiteElo "1389"]
[BlackElo "1312"]
[PlyCount "107"]
[EventDate "2022.04.10"]
[EventType "swiss"]
[EventRounds "7"]
[EventCountry "AUT"]
[SourceTitle "EXT 2023"]
[Source "ChessBase"]
[SourceDate "2022.10.05"]
[SourceVersion "1"]
[SourceVersionDate "2022.10.05"]
[SourceQuality "1"]

1. e4 e6 2. d4 d5 3. e5 c5 4. c3 Nc6 5. Nf3 Qb6 6. Be2 cxd4 7. cxd4 Nge7 8. Na3 Nf5 9. Nc2 Be7 10. 0-0 Bd7 11. g4 Nh6 12. h3 0-0-0 13. Rb1 f6 14. exf6 Bxf6 15. g5 Nf5 16. gxf6 gxf6 17. Kh1 e5 18. Be3 e4 19. Nh2 Nxe3 20. fxe3 f5 21. b4 Kb8 22. a4 Rhg8 23. Rg1 Qc7 24. b5 Ne7 25. Nb4 Rxg1+ 26. Qxg1 Rg8 27. Qf1 Qg3 28. Qf4+ Ka8 29. Qxg3 Rxg3 30. Rg1 f4 31. Rxg3 fxg3 32. Ng4 Be6 33. Kg2 h5 34. Nf6 h4 35. Bg4 Bxg4 36. hxg4 Kb8 37. Nbxd5 Ng6 38. Nxe4 Kc8 39. Nf4 Ne7 40. Kh3 Kd8 41. Kxh4 Nd5 42. Nxg3 Nxe3 43. g5 Ke8 44. g6 Kf8 45. Kg5 a6 46. Nf5 Nxf5 47. Kxf5 axb5 48. axb5 b6 49. Kf6 Kg8 50. g7 Kh7 51. Kf7 Kh6 52. g8R Kh7 53. Rg6 Kh8 54. Rh6# 1-0

[Event "AUT-ch U14"]
[Site "St Veit"]
[Date "2022.04.13"]
[Round "6"]
[White "Ganbat, Gan Erdene"]
[Black "Maier, Tobias"]
[Result "1-0"]
[WhiteElo "1320"]
[BlackElo "1389"]
[PlyCount "83"]
[EventDate "2022.04.10"]
[EventType "swiss"]
[EventRounds "7"]
[EventCountry "AUT"]
[SourceTitle "EXT 2023"]
[Source "ChessBase"]
[SourceDate "2022.10.05"]
[SourceVersion "1"]
[SourceVersionDate "2022.10.05"]
[SourceQuality "1"]

1. e4 e5 2. Nc3 Nf6 3. f4 d5 4. fxe5 Nxe4 5. Qf3 Nxc3 6. bxc3 c5 7. Qg3 Nc6 8. Bb5 g6 9. Ne2 Bg7 10. 0-0 0-0 11. Bxc6 bxc6 12. d4 Ba6 13. Re1 Qb6 14. Ba3 Bxe2 15. Rxe2 Qa6 16. c4 Qxc4 17. Qd3 Qxd3 18. cxd3 Rfe8 19. Bxc5 a6 20. Rb1 Rab8 21. Reb2 Rb5 22. a4 Rxb2 23. Rxb2 a5 24. Rb6 Rc8 25. Ra6 Bf8 26. Rxa5 Bxc5 27. Rxc5 Kf8 28. Kf2 Ke7 29. Rc2 Kd7 30. Rb2 Kc7 31. Kf3 Ra8 32. Rb4 f6 33. exf6 Rf8 34. a5 Rxf6+ 35. Ke3 g5 36. a6 c5 37. Rb7+ Kc8 38. dxc5 Rxa6 39. Rxh7 Ra4 40. Rh5 d4+ 41. Ke4 g4 42. Rg5 1-0

[Event "AUT-ch U14"]
[Site "St Veit"]
[Date "2022.04.11"]
[Round "3"]
[White "Maier, Tobias"]
[Black "Winkelbauer, Christian"]
[Result "1-0"]
[WhiteElo "1389"]
[BlackElo "1576"]
[PlyCount "53"]
[EventDate "2022.04.10"]
[EventType "swiss"]
[EventRounds "7"]
[EventCountry "AUT"]
[SourceTitle "EXT 2023"]
[Source "ChessBase"]
[SourceDate "2022.10.05"]
[SourceVersion "1"]
[SourceVersionDate "2022.10.05"]
[SourceQuality "1"]

1. e4 e6 2. d4 d5 3. e5 c5 4. c3 Nc6 5. Nf3 Bd7 6. Be2 Be7 7. 0-0 f6 8. Be3 cxd4 9. cxd4 Qc7 10. Nc3 fxe5 11. Nb5 Qb8 12. Nxe5 Nxe5 13. dxe5 a6 14. Nc3 Bf8 15. f4 Ne7 16. Bg4 g6 17. Rc1 Bh6 18. Bb6 Nc6 19. Na4 0-0 20. Bc5 Nxe5 21. Bxf8 Bxa4 22. Qxa4 Nxg4 23. Bxh6 Nxh6 24. Qd7 Qe8 25. Qxb7 Rb8 26. Qxa6 Rxb2 27. Rc8 1-0

[Event "AUT-ch U12 Online Rapid"]
[Site "Playchess.com INT"]
[Date "2020.12.13"]
[Round "2"]
[White "Maier, Tobias"]
[Black "Kienboeck, Samuel"]
[Result "1-0"]
[WhiteElo "1655"]
[BlackElo "1577"]
[PlyCount "35"]
[EventDate "2020.12.13"]
[EventType "swiss (rapid)"]
[EventRounds "7"]
[EventCountry "AUT"]
[SourceTitle "EXT 2022"]
[Source "ChessBase"]
[SourceDate "2021.10.06"]
[SourceVersion "1"]
[SourceVersionDate "2021.10.06"]
[SourceQuality "1"]

1. e4 e5 2. Nf3 Nc6 3. Bc4 Nf6 4. d3 Bb4+ 5. Nc3 Ba5 6. 0-0 0-0 7. Bg5 Re8 8. Nd5 Nd4 9. Nxf6+ gxf6 10. Bh6 Ne6 11. Bxe6 fxe6 12. Nh4 Qe7 13. Qg4+ Kh8 14. f4 f5 15. exf5 exf5 16. Nxf5 Qf7 17. Bg7+ Kg8 18. Nh6# 1-0